000 00818cam a2200253 a 4500
001 000002866
005 20200929150256.0
008 860528s1988 sp 000 f spa
020 _a8432040517
020 _a0385234902
040 _aDO-SdBNP
_cDLC
_dDLC
041 1 7 _aspa
_heng
_2Código de idioma MARC
082 _a813.54
_bG878p
100 1 _aGross, Martin,
_d1925-
_99107
245 1 3 _aEl presidente rojo /
_cMartin Gross ; traducción, verónica Fernádez-Muro.
260 _aBarcelona :
_bPlaneta,
_c1988.
300 _a397 p. ;
_c21 cm.
440 0 _aContemporánea
_99108
534 _aTítulo original: The red president
650 4 _aNovela estadounidense
_9262
650 4 _aLiteratura estadounidense
_9263
700 1 _aFernández-Muro, Verónica,
_etr.
_99109
910 _aCatalogación por copia / LC
999 _c2700
_d2700